Регионална библиотека "Любен Каравелов" - Русе

Сватба (Запис номер 159422)

MARC детайли
000 -Лидер
Контролно поле с фиксирана дължина 01407nam a2200373 c 4500
003 - Код на организацията, давaща контролен номер
Контролно поле BLK
005 - Дата и час на последна редакция
Контролно поле 20250715125411.0
008 - Елементи от данни с фиксирана дължина
fixed length control field 180410b bul|||||r ||||||| ||bul||
010 ## - Наследен системен номер
LC control number KNG00166541000
040 ## - Източник на каталожния запис
Идентификатор на билиотеката - собственик на записа BLK
041 ## - Код за език
Код за езика на текст/звукозапис или на отделно заглавие Български
Код за езика КДБФ Български
072 #7 - Код за тематичната категория
Код организация bullib
Код за тематична категория К
Текст Краезнание
080 ## - УДК
Текстов определител УДК Немска литература
УДК код - определител по УДК 821.112.2
УДК определител -2
УДК - код + определител 821.112.2-2
100 ## - Редна дума - Автор
Автор Канети, Елиас
Дати, свързани с автора 1905 - 1994
Автор - информация (биография) Австрийски писател - нобелист, роден в Русе
Авторска отговорност първи автор
R(LIN) 367554
139 ## - Редно поле
Редна дума Канети, Елиас
Авторски знак Канг - К 25
245 10 - Сведения за заглавието
Заглавие Сватба
Подзаглавни данни Драма
Редно поле (дума) Елиас Канети; прев. от нем. Венцеслав Константинов.
257 ## - Страна на издаване
Страна на създаване/издаване България
260 ## - Област на издателските данни
Име на издателя, разпространителя и проч. Нар. култура
Година на издаване 1980
300 ## - Физическа характеристика
Страници 124 с.
Размери/Мащаб 20 см
380 ## - Жанр
Жанр Худож. лит.
490 ## - СЕРИИ (Колекции)
Име на серия Библиотека Театър
№: серия 56
9 (RLIN) 204428
500 ## - Общи забележки
Забележка Ориг. загл. Hochzeit. 1 325 тир.
659 ## - Тематичен бюлетин
Тематичен бюлетин К
700 1# - Други автори (авторска отговорност)
Лично име Константинов, Венцеслав
Автороска отговорност (Описва отношението между автора и произведението) прев. от нем.
9 (RLIN) 367608
852 ## - Местоположение
Форматна сигнатура Цб 105614
852 ## - Местоположение
Форматна сигнатура К 821/К 25 Е
856 4# - Електронен адрес и достъп
Електронен формат pdf - файл
Инструкция (цена за достъп) 0.00
Права за достъп disable
856 4# - Електронен адрес и достъп
Електронен формат pdf - файл
Инструкция (цена за достъп) 0.00
Права за достъп disable
999 ## - СИСТЕМНИ КОНТРОЛНИ НОМЕРА
Koha biblionumber 159422
Koha biblioitemnumber 159422
942 ## - АРТИКУЛИ
Вид на библиотечния материал Книги
Скрит в OPAC Не
Периодичен библиозапис Да
Koha issues (borrowed), all copies 1
944 ## - СЪЗДАВАНЕ И РЕДАКЦИЯ на ЗАПИСА
Създаване/Редакция Създаване
Дата на регистрацията/редакция 30.10.2014
Статус, дата на статуса Валя Йорданова
Служител, извършил регистрацията/редакцията 30558
944 ## - СЪЗДАВАНЕ И РЕДАКЦИЯ на ЗАПИСА
Създаване/Редакция Редакция
Дата на регистрацията/редакция 30.10.2014
Статус, дата на статуса 30.10.2014 - от С1,Р / 30.10.2014
999 ## - СИСТЕМНИ КОНТРОЛНИ НОМЕРА
Koha biblioitemnumber 159422
999 ## - СИСТЕМНИ КОНТРОЛНИ НОМЕРА
Koha biblioitemnumber 159422
Наличности
Код за отписване Код за изгубен артикул Източник на класификационната схема Код за повреда Коз за рестрикции Код за отдаване Артикулен № Име на библиотеката - собственик Име на библиотеката, в която се намира в момента Статус (Текущо местоположение) Дата на вписване в системата Местоположение - отдел Цена в лева Инвентарен номер Систематично азбучна сигнатура Баркод Номер на екземпляра Цена в евро Служебна бележка Служебен тип на артикула Номерация (Хронология)
  Не е изгубен Universal Decimal Classification Не е повреден само за читалня ползва се в читалня 266365 Регионална библиотека "Любен Каравелов" Русе Регионална библиотека "Любен Каравелов" Русе Хранилище 1980-01-01 Хранилище 0.85 313423 Цб 105614 120000313423 1 0.43 Дост: Dp Вид: Д Дата: 01.01.1980 Книги  
Изтеглен Не е изгубен Universal Decimal Classification Не е повреден без рестрикции ползва се в читалня 266366 Регионална библиотека "Любен Каравелов" Русе Регионална библиотека "Любен Каравелов" Русе Хранилище 1980-01-01 Хранилище 0.85 317765 Цб 105614 317765 2 0.43 Вид: Сф Дата: 01.01.1980 Книги  
Изтеглен Не е изгубен Universal Decimal Classification Не е повреден без рестрикции заемане за дома 266367 Регионална библиотека "Любен Каравелов" Русе Регионална библиотека "Любен Каравелов" Русе Заемна - подръчен фонд 1980-01-01 Заемна - подръчен фонд 0.85 317766 П 830-2/К 25 317766 3 0.43 Вид: Сф Дата: 01.01.1980 Книги  
  Не е изгубен Universal Decimal Classification Не е повреден без рестрикции ползва се в читалня 266368 Регионална библиотека "Любен Каравелов" Русе Регионална библиотека "Любен Каравелов" Русе Краезнание 1980-01-01 Краезнание 0.85 317767 К 821/К 25 Е 120000317767 4 0.43 Вид: Сф Дата: 01.01.1980 Дата инв: 08.11.2017 Бележки инв: К2017 Книги Автограф: Венцеслав Константинов
Vip Innovations Ltd, Rousse, Bulgaria 2025